Bőripari munkások sztájkja a Zsurkó-cipőgyárban

Elmentve itt :
Bibliográfiai részletek
Dokumentumtípus: Cikk
Megjelent: 1936-02-26
Sorozat:Délmagyarország 12 No. 49
Kulcsszavak:Lájer Dezső, Zsurkó János, Cipőgyártás Szeged
Online Access:http://dmarchiv.bibl.u-szeged.hu/60559
LEADER 00460nab a2200145 i 4500
001 delm60559
005 20180927144548.0
008 180927s1936 hu o 0|| hun d
040 |a SZTE Délmagyarország Archívum  |b hun 
041 |a hun 
245 0 0 |a Bőripari munkások sztájkja a Zsurkó-cipőgyárban  |h [elektronikus dokumentum] 
260 |c 1936-02-26 
300 |a 4 
490 0 |a Délmagyarország  |v 12 No. 49 
695 |a Lájer Dezső, Zsurkó János, Cipőgyártás Szeged